Parsifal /

Bibliographic Details
Main Author: Wagner, Richard, 1813-1883
Corporate Authors: English National Opera, Royal Opera House (London, England)
Format: Book
Language:English
Published: London : New York : J. Calder ; Riverrun Press, 1986.
Series:Opera guide ; 34.
Subjects:

MARC

Tag First Indicator Second Indicator Subfields
LEADER 00000cam a2200000 a 4500
001 in00000007181
005 20151005050044.0
008 861023s1986 enka b 00010 eng
010 |a  86217379  
020 |a 071454079X (pbk.) :  |c 3.00 ($5.95 U.S.) 
035 |a (OCoLC)14909112 
035 |9 AAA1655AM 
040 |a DLC  |c DLC  |d JNA  |d TXA  |d UtOrBLW 
041 1 |a eng  |h ger 
049 |a TXAM  |c [A12604061] 
050 0 0 |a ML50.W14  |b P22 1986 
082 0 |a 782.1/2  |2 19 
100 1 |a Wagner, Richard,  |d 1813-1883. 
245 1 0 |a Parsifal /  |c Richard Wagner. 
264 1 |a London :  |b J. Calder ;  |a New York :  |b Riverrun Press,  |c 1986. 
300 |a 128 pages :  |b illustrations ;  |c 22 cm. 
336 |a text  |b txt  |2 rdacontent 
337 |a unmediated  |b n  |2 rdamedia 
338 |a volume  |b nc  |2 rdacarrier 
490 1 |a Opera guide ;  |v 34 
500 |a Includes libretto by the composer with English translation by Andrew Porter. 
500 |a "Published in association with English National Opera and The Royal Opera." 
504 |a Bibliography: page 128. 
600 1 0 |a Wagner, Richard,  |d 1813-1883.  |t Parsifal. 
650 0 |a Operas  |v Librettos. 
700 1 2 |a Wagner, Richard,  |d 1813-1883.  |t Parsifal.  |s Libretto.  |l English. 
700 1 2 |a Wagner, Richard,  |d 1813-1883.  |t Parsifal.  |s Libretto.  |l German. 
710 2 |a English National Opera. 
710 2 |a Royal Opera House (London, England) 
830 0 |a Opera guide ;  |v 34. 
999 |a MARS 
999 f f |s e08dd67a-f8f7-380a-9fa2-e3b504ad2b5e  |i 24851b11-e75d-3b06-9ff1-83310c514084  |t 0 
952 f f |p normal  |a Texas A&M University  |b College Station  |c Sterling C. Evans Library  |d Evans: Library Stacks  |t 0  |e ML50.W14 P22 1986  |h Library of Congress classification  |i unmediated -- volume  |m A14812604061 
998 f f |a ML50.W14 P22 1986  |t 0  |l Evans: Library Stacks